000
00346 a2200169 4500
001
182855
020
_a
85-03-00696-0
040
_c
Magnum
100
_a
Gullar, Ferreira
240
1
0
_a
Toda poesia
_l
por
245
1
0
_a
Toda poesia
300
_a
511
362
0
_a
2000
440
1
_a
José Olympio
697
_a
LITERATURA GERAL
942
_c
BK
999
_c
182855
_d
182855